000
00311nam a22001337a 4500
003
SGT
082
_a
610.734
_b
P16B
100
_a
BASVANTHAPPA, B.T.
245
_a
PRACTICE WORKBOOK OF COMMUNITY HEALTH NURSING
260
_a
INDIA
_b
JAYPEE
_c
2016
300
_a
226
650
_a
PSYCHIATRIC
942
_2
ddc
_c
BK
999
_c
10921
_d
10921